Móra Ferenc születésnapjára
Elmentve itt :
| Szerző: | |
|---|---|
| Dokumentumtípus: | Cikk |
| Megjelent: |
1968-07-19
|
| Sorozat: | Délmagyarország
58 No. 168 |
| Kulcsszavak: | Móra Ferenc, Lippai István, Magyar irodalom levelezés |
| Online Access: | http://dmarchiv.bibl.u-szeged.hu/62760 |
| LEADER | 00495nab a2200157 i 4500 | ||
|---|---|---|---|
| 001 | delm62760 | ||
| 005 | 20180927151302.0 | ||
| 008 | 180927s1968 hu o 0|| hun d | ||
| 040 | |a SZTE Délmagyarország Archívum |b hun | ||
| 041 | |a hun | ||
| 100 | 1 | |a Péter László | |
| 245 | 1 | 0 | |a Móra Ferenc születésnapjára |h [elektronikus dokumentum] / |c Péter László |
| 260 | |c 1968-07-19 | ||
| 300 | |a 5 | ||
| 490 | 0 | |a Délmagyarország |v 58 No. 168 | |
| 695 | |a Móra Ferenc, Lippai István, Magyar irodalom levelezés | ||